[Event "Pardubice Region-chT 2223"]
[Site "Czech Republic"]
[Date "2022.10.09"]
[Round "1.4"]
[White "Ptacek, Lubos"]
[Black "Horak, Vojtech"]
[Result "1-0"]
[WhiteElo "2045"]
[BlackElo "1634"]
[PlyCount "115"]
[EventDate "2022.10.09"]
[EventType "team-tourn"]
[EventRounds "11"]
[EventCountry "CZE"]
[SourceTitle "EXT 2024"]
[Source "ChessBase"]
[SourceDate "2023.10.10"]
[SourceVersion "1"]
[SourceVersionDate "2023.10.10"]
[SourceQuality "1"]

1. e4 e5 2. Nf3 Nc6 3. Bc4 Nf6 4. d3 d5 5. exd5 Nxd5 6. Qe2 f6 7. c3 Bc5 8. d4 Bb6 9. dxe5 0-0 10. 0-0 Nxe5 11. Nxe5 fxe5 12. Qxe5 Rf5 13. Bxd5+ Kh8 14. Qg3 Qxd5 15. Be3 Bd7 16. Na3 Bxe3 17. Qxe3 Bc6 18. f3 Re8 19. Qf2 Rfe5 20. Rfd1 Qe6 21. Rd2 Qg6 22. Nc2 Rf8 23. Kh1 Rh5 24. Ne1 Qh6 25. h3 Rhf5 26. Rad1 b6 27. Rd8 Qe6 28. a3 Kg8 29. R1d2 Bb5 30. Nc2 c5 31. Ne3 Re5 32. Rxf8+ Kxf8 33. Nc2 Ba4 34. f4 Rd5 35. Rxd5 Qxd5 36. Ne3 Qe4 37. Ng4 Bd7 38. Qd2 Ke7 39. Qe3 Bc6 40. Kg1 Ke6 41. Qxe4+ Bxe4 42. Ne3 h6 43. Kf2 g5 44. Kg3 Kf6 45. fxg5+ hxg5 46. Kg4 a6 47. g3 b5 48. h4 gxh4 49. gxh4 Ke5 50. h5 Bh7 51. Kf3 Bd3 52. h6 Be4+ 53. Ke2 Kf4 54. Nd5+ Kg5 55. Ke3 Bg6 56. Nc7 Kxh6 57. Nxa6 c4 58. Nc7 1-0